| 000 | 00570pam a2200181 a 4500 | ||
|---|---|---|---|
| 020 | _a0471555797 (acidfree paper) | ||
| 040 | _cDLC | ||
| 082 | 0 | 0 | _a526 WIL 1995 A030 Or. |
| 245 | 0 | 0 | _aElements of cartography / |
| 250 | _a6th ed. | ||
| 260 |
_aNew York : _bWiley, _cc1995. |
||
| 300 |
_a674 p. : _bill. (some col.), maps (some col.) ; _c24 cm. |
||
| 650 | 0 | 0 | _aCartography. |
| 700 | 1 | _aRobinson, Arthur Howard, | |
| 856 | 4 | 2 | _uhttp://www.loc.gov/catdir/description/wiley037/94033102.html |
| 856 | 4 | _uhttp://www.loc.gov/catdir/toc/onix01/94033102.html | |
| 942 | _cEK | ||
| 999 |
_c11663 _d11663 |
||